000 00780nam a22001937a 4500
999 _c61874
_d61874
003 Ge_BSU
005 20240531155144.0
008 240531s1956 ge ||||| |||| 00| 0 geo d
041 _ageo
080 _a616.13-002 ბ-97
100 _aბურჯანაძე, ო.
_922268
245 _aმაობლიტერებელი ენდარტერიიტი /
_cო. ბურჯანაძე; რედ. კ. ერისთავი.
264 _aთბილისი :
_bსაქმედგამი,
_c1956.
300 _a176 გვ. :
_bილ. ;
_c22 სმ.
653 _aენდარტერიიტი
653 _aმედიცინა
700 _aერისთავი, კ.
_eრედაქტორი
_922269
942 _2udc
_cBK